Kapitalizačné dôchodkové systémy a ich úloha v rozvoji ekonomík
Analýza a komparácia kapitalizačných dôchodkových systémov v krajinách Európskej únie s akcentom na druhý pilier starobného dôchodkového sporenia. Zhodnotenie kladných a záporných vplyvov ako z pozície štátu, predovšetkým na rozpočtovú politiku, tak i z pozície sporiteľa, resp. budúceho poberateľa d...
Guardado en:
| Autor principal: | |
|---|---|
| Formato: | Capítulo de libro |
| Lenguaje: | eslovaco |
| Materias: | |
| Etiquetas: |
Sin Etiquetas, Sea el primero en etiquetar este registro!
|
MARC
| LEADER | 00000nla$a2200000$$$4500 | ||
|---|---|---|---|
| 001 | 0108396 | ||
| 005 | 20240502072209.7 | ||
| 041 | 0 | |a slo | |
| 044 | |a SK | ||
| 245 | 1 | 0 | |a Kapitalizačné dôchodkové systémy a ich úloha v rozvoji ekonomík |c Ľuboš Drška |
| 520 | |a Analýza a komparácia kapitalizačných dôchodkových systémov v krajinách Európskej únie s akcentom na druhý pilier starobného dôchodkového sporenia. Zhodnotenie kladných a záporných vplyvov ako z pozície štátu, predovšetkým na rozpočtovú politiku, tak i z pozície sporiteľa, resp. budúceho poberateľa dôchodku. | ||
| 610 | 2 | 0 | |a reformy dôchodkové |
| 610 | 2 | 0 | |a Európska únia |
| 610 | 2 | 0 | |a systémy dôchodkové |
| 610 | 2 | 0 | |a kapitalizácia |
| 610 | 2 | 0 | |a zabezpečenie sociálne |
| 610 | 2 | 0 | |a štát |
| 100 | 1 | |a Drška, Ľuboš | |